MARC

LEADER 00000nam0a2200000 4500
001 258023
005 20231101233245.0
035 |a (RuTPU)RU\TPU\book\280854 
090 |a 258023 
100 |a 20140422d1981 k y0rusy50 ca 
101 0 |a rus 
102 |a RU 
105 |a a z 001zy 
200 1 |a Методы контактной диагностики в неравновесной плазмохимии  |f Ю. А. Иванов, Ю. А. Лебедев, Л. С. Полак  |g Академия наук СССР (АН СССР), Институт нефтехимического синтеза им. А. В. Топчиева (ИНХС) 
210 |a Москва  |c Наука  |d 1981 
215 |a 143 с.  |c ил. 
320 |a Библиогр.: с. 133-142. 
606 1 |a Плазма низкотемпературная  |x Исследование  |2 stltpush  |3 (RuTPU)RU\TPU\subj\48933  |9 67750 
610 1 |a плазмохимия 
610 1 |a неравновесная кинетика 
610 1 |a контактная диагностика 
610 1 |a методы 
610 1 |a полимерные пленки 
610 1 |a рост 
675 |a 533.915.08  |v 3 
700 1 |a Иванов  |b Ю. А.  |g Юрий Александрович 
701 1 |a Лебедев  |b Ю. А.  |g Юрий Анатольевич 
701 1 |a Полак  |b Л. С.  |g Лев Соломонович 
712 0 2 |a Академия наук СССР (АН СССР)  |b Институт нефтехимического синтеза им. А. В. Топчиева (ИНХС)  |c (Москва)  |c (1958-1991)  |2 stltpush  |3 (RuTPU)RU\TPU\col\12241 
801 1 |a RU  |b 63413507  |c 20140422 
801 2 |a RU  |b 63413507  |c 20210131  |g RCR 
942 |c BK